El Prat del Llobregat /
Colección:
San Jorge,
; núm. 23 (juliol 1956), pàg 32-38
Otros Autores:
Léonard, Jacques, 1909-1995
Materias:
Prat de Llobregat, El
Idioma:
Español
MARC
| LEADER | 00000naa a2200000 a 4500 | ||
|---|---|---|---|
| 003 | Arxiu | ||
| 005 | 20260324181507.0 | ||
| 008 | 160829s1956 spcaxx s spa c | ||
| 040 | |a AGDB | ||
| 100 | |a Sáenz Guerrero, Horacio |9 29617 | ||
| 245 | 3 | 3 | |a El Prat del Llobregat / |c por Horacio Sáenz Guerrero |
| 490 | |a San Jorge, |v núm. 23 (juliol 1956), pàg 32-38 | ||
| 500 | |a Fotos Jacques Léonard | ||
| 651 | 0 | |a Prat de Llobregat, El |9 50665 | |
| 700 | 1 | |9 55136 |a Léonard, Jacques, |d 1909-1995 |e fotografies | |
| 773 | |g Núm. 23 (juliol 1956), pàg 32-38 |t San Jorge. | ||
| 901 | |a Arxiu | ||
| 942 | |n 1 |2 udc |c ART | ||
| 952 | |0 0 |1 0 |4 0 |6 REV511 |7 1 |9 66389 |a Arxiu |b Arxiu |d 2023-05-22 |l 0 |o Rev-511 |r 2023-05-22 00:00:00 |w 2023-05-22 |y ARXIU |z També disponible a Rev-525 | ||
| 999 | |c 48038 |d 48038 | ||